Projektový manažment EÚ fondov v mestách a obciach diplomová práca
Uložené v:
| Hlavný autor: | |
|---|---|
| Korporativný autor: | |
| Ďalší autori: | |
| Médium: | Kniha |
| Jazyk: | Slovak |
| Vydavateľské údaje: |
Bratislava
2025
|
| Tagy: |
Žiadne tagy, Buďte prvý, kto otaguje tento záznam!
|
MARC
| LEADER | 00000nbm a2200000 4500 | ||
|---|---|---|---|
| 001 | 0309375 | ||
| 005 | 20260206093827.7 | ||
| 041 | 0 | |a slo | |
| 044 | |a SK | ||
| 245 | 1 | 0 | |a Projektový manažment EÚ fondov v mestách a obciach |b diplomová práca |c Denisa Žitníková ; školiteľ: Miroslav Šipikal |
| 264 | 1 | |a Bratislava |c 2025 | |
| 300 | |a 73 s. | ||
| 100 | 1 | |a Žitníková, Denisa | |
| 700 | 1 | |a Šipikal, Miroslav, 1976- | |
| 710 | 2 | |a Národohospodárska fakulta EU. Katedra verejnej správy a regionálneho rozvoja | |